The tiger and the shark : (Record no. 9232)
[ view plain ]
| 000 -LEADER | |
|---|---|
| fixed length control field | 02215cam a2200361 a 4500 |
| 001 - CONTROL NUMBER | |
| control field | 9232 |
| 003 - CONTROL NUMBER IDENTIFIER | |
| rucl marc code | BD-RjUL |
| 005 - DATE AND TIME OF LATEST TRANSACTION | |
| control field | 20211208234736.0 |
| 008 - FIXED-LENGTH DATA ELEMENTS--GENERAL INFORMATION | |
| fixed length control field | 140120s1983 enka b 001 0 eng d |
| 020 ## - INTERNATIONAL STANDARD BOOK NUMBER | |
| International Standard Book Number | 0521358922 (pbk.) |
| International Standard Book Number | 0521250986 |
| 035 ## - SYSTEM CONTROL NUMBER | |
| System control number | (BD-RjUL)9277 |
| -- | (OCoLC)8975659 |
| 040 ## - CATALOGING SOURCE | |
| Original cataloging agency | DLC |
| Language of cataloging | eng |
| Transcribing agency | DLC |
| Modifying agency | DLC |
| -- | LC |
| -- | ANL |
| -- | BD-RjUL |
| 041 ## - LANGUAGE CODE | |
| Language code of text/sound track or separate title | eng |
| 082 00 - DEWEY DECIMAL CLASSIFICATION NUMBER | |
| Classification number | 539 |
| Edition number | 19 |
| Author mark and year | WHT 1983 |
| 100 1# - MAIN ENTRY--PERSONAL NAME | |
| Personal name | Wheaton, Bruce R. |
| 9 (RLIN) | 28643 |
| 245 14 - TITLE STATEMENT | |
| Title | The tiger and the shark : |
| Remainder of title | empirical roots of wave-particle dualism / |
| Statement of responsibility, etc. | by Bruce R. Wheaton ; with a foreword by Thomas S. Kuhn. |
| 260 ## - PUBLICATION, DISTRIBUTION, ETC. (IMPRINT) | |
| Place of publication, distribution, etc. | Cambridge [Cambridgeshire] ; |
| -- | New York : |
| Name of publisher, distributor, etc. | Cambridge University Press, |
| Date of publication, distribution, etc. | 1983. |
| 300 ## - PHYSICAL DESCRIPTION | |
| Pagination | xxiv, 355 p. : |
| Illustrations | ill. ; |
| Size | 24 cm. |
| 504 ## - BIBLIOGRAPHY, ETC. NOTE | |
| Bibliography, etc | Includes index. |
| Bibliography, etc | Bibliography: p. [309]-346. |
| 505 00 - FORMATTED CONTENTS NOTE | |
| Formatted contents note | Machine derived contents note: Foreword Thomas S. Kuhn -- Preface -- Notes on sources -- 1. Introduction -- Part I. The Introduction of Temporal Discontinuity, 1896-1905: 2. The electromagnetic impulse hypothesis of x-rays -- 3. The analogy between y-rays and x-rays -- Part II. Ionization and the Recognition of Paradox, 1906-1910: 4. Secondary rays: British attempts to retain mechanism -- 5. The appeal in Germany to the quantum theory -- Part III. Seeking an Electrodynamic Solution, 1907-1912: 6. Localized energy in spreading impulses -- 7. Problems with visible light -- Part IV. Interference of X-Rays and the Corrobation of Paradox, 1912-1922: 8. Origins of x-ray spectroscopy -- 9. Quantum transformation experiments -- Part V. The Conceptual Origins of Wave-Particle Dualism, 1921-1925: 10. Synthesis of matter and light -- Epilogue: The tiger and the shark -- Bibliography -- Index. |
| 650 #0 - SUBJECT ADDED ENTRY--TOPICAL TERM | |
| Topical term or geographic name as entry element | Wave-particle duality |
| General subdivision | History. |
| 9 (RLIN) | 28644 |
| Topical term or geographic name as entry element | Radiation |
| General subdivision | History. |
| 9 (RLIN) | 28645 |
| Topical term or geographic name as entry element | X-rays |
| General subdivision | History. |
| 9 (RLIN) | 28646 |
| Topical term or geographic name as entry element | Gamma rays |
| General subdivision | History. |
| 9 (RLIN) | 28647 |
| 653 ## - INDEX TERM--UNCONTROLLED | |
| Uncontrolled term | Quantum theory |
| -- | Wave-particle duality, 1896-1925 |
| 856 42 - ELECTRONIC LOCATION AND ACCESS | |
| Materials specified | Publisher description |
| Uniform Resource Identifier | <a href="http://www.loc.gov/catdir/description/cam022/82022069.html">http://www.loc.gov/catdir/description/cam022/82022069.html</a> |
| Materials specified | Table of contents |
| Uniform Resource Identifier | <a href="http://www.loc.gov/catdir/toc/cam023/82022069.html">http://www.loc.gov/catdir/toc/cam023/82022069.html</a> |
| 942 ## - ADDED ENTRY ELEMENTS (KOHA) | |
| Source of classification or shelving scheme | Dewey Decimal Classification |
| Koha item type | Books |
| Lost status | Source of classification or shelving scheme | Damaged status | Not for loan | Collection code | Permanent Location | Current Location | Shelving location | Date acquired | Source of acquisition | Cost, normal purchase price | Total Checkouts | Full call number | Date last seen | Copy number | Koha item type |
|---|---|---|---|---|---|---|---|---|---|---|---|---|---|---|---|
| Dewey Decimal Classification | Not For Loan | Non-fiction | Central Library, University of Rajshahi | Central Library, University of Rajshahi | 04/01/1986 | Karim International | 27.50 | 539 WHT 1983 | 20/01/2014 | C-1 | Books |